| 000 | 00373cam a2200145ua 4500 | ||
|---|---|---|---|
| 041 |
_aeng _h |
||
| 082 |
_a823.308 _bDIC/PO |
||
| 100 | _aDickenes, Charles . | ||
| 245 |
_aPosthumous papers of the pickwicle cluch / _cDickens. _hTextual Documents |
||
| 260 |
_aLondon : _b Macmillian , _c1960. |
||
| 300 | _a759 ; . | ||
| 504 | _a | ||
| 942 | _cBK | ||
| 999 |
_c11399 _d11399 |
||